000 00717nam a22002177a 4500
003 0
005 20250910093414.0
008 250910b xxu||||| |||| 00| 0 eng d
020 _a978-0-357-93590-3
050 _aHV 43
_b.S86 2025
100 _aSummers, Nancy,
_eauthor.
245 _aFundamentals of case management practice :
_bskills for the human services /
_cNancy Summers.
250 _aSixth edition.
260 _aMason, OH :
_bCengage,
_c2025.
300 _axvii, 456 pages ;
_c28 cm.
504 _aIncludes bibliographical references and index.
650 _aSocial case work
_zUnited States.
650 _aSocial service
_zUnited States.
650 _aHuman services
_zUnited States.
942 _2lcc
_cBK
999 _c367861
_d367861